Das Zeitalter König Sigmunds in Ungarn und im Deutschen Reich

Titel: Das Zeitalter König Sigmunds in Ungarn und im Deutschen Reich / hrsg. von Tilman Schmidt ...
Beteiligt:
Veröffentlicht: Debrecen : Debrecen Univ. Press, 2000
Umfang: 218 S.
Format: Buch
Sprache: Deutsch
Schriftenreihe/
mehrbändiges Werk:
Történelmi figyelő könyvek ; 8
RVK-Notation:
ISBN: 9634724515
Buchumschlag
X
alg: 10072916
001A    $00004:17-10-01 
001B    $00026:14-01-25 $t16:26:58.000 
001D    $00004:17-10-01 
001U    $0utf8 
001X    $00 
002@    $0Aau 
003@    $0100729169 
003O    $0492689658 $aOCoLC 
004A    $0963-472-451-5 
007A    $0100729169 $aHEB 
007T    $0Herd36722 
009P    $qapplication/pdf $A2 $3Inhaltsverzeichnis $uhttp://scans.hebis.de/HEBCGI/show.pl?10072916_toc.pdf $mV:DE-604 
010@    $ager 
011@    $a2000 $n2000 
021A    $aDas @Zeitalter König Sigmunds in Ungarn und im Deutschen Reich $hhrsg. von Tilman Schmidt ... 
028C    $BHrsg. $7 $8Schmidt, Tilman [Tnd] $9148888119 
033A    $pDebrecen $nDebrecen Univ. Press 
034D    $a218 S. 
036E    $aTörténelmi figyelő könyvek $l8 
039U    $8--Aox--Fahlbusch, F. B.. Das @Zeitalter König Sigmunds in Ungarn und im Deutschen Reich. - Debrecen, 2002 $9394777077 
039U    $8--Aox--Kitzinger, Martin. Das @Zeitalter König Sigmunds in Ungarn und im Deutschen Reich. - Debrecen : Debrecen Univ. Press. -  2000 [Rezension], 2003 $9394879694 
045Z    $8NM 7430 [Tkv] $9410893927 

lok: 10072916 3
101B    $030-03-09 $t12:04:18.000 
101C    $030-03-09 
101U    $0utf8 
145S/01 $a039 

exp: 10072916 3 1 #EPN
201B/01 $025-04-07 $t11:30:54.000 
201C/01 $006-11-03 
201U/01 $0utf8 
203@/01 $0190121068 
208@/01 $a11-11-03 $bzCh 
209A/01 $a02/NM 7430 S354 $du $f330 $h02 NM 7430 S354 $x00 
209B/01 $a4401 $x05 
209C/01 $aBzG-2003/7679 $hBZG 2003 7679 
209G/01 $a1001208680 $x00 
247C/01 $8601330-2 <30/330>Frankfurt, Universitätsbibliothek J. C. Senckenberg, Bibliothekszentrum Geisteswissenschaften (BzG) $9102599378 

lok: 10072916 78

exp: 10072916 78 1 #EPN
201B/01 $005-07-18 $t23:20:32.000 
201U/01 $0utf8 
203@/01 $0791725049 
208@/01 $a12-11-16 $be 
209A/01 $a/ $f000 $x00 
220C/01 $aTitelaufnehmer: cs 
244Z/01 $2Trx $#Kesk- ja Ida- Euroopa kontseptsioonid $#Vidurio Europos koncepcijos $#East-Central Europe $#Keletközépeurópa-eszmék $#Europa Środkowo-Wschodnia koncepcje $#Európa stredovýchodná koncepcie $#Evropa střední, východní část koncepce $#Mitteleuropa $#Osteuropakonzeptionen $#Europa Środkowa koncepcje $#Stredná Európa koncepcie $#Střední Europa koncepce $8--Trx--Ostmitteleuropakonzeptionen $x01 $9391364286 
244Z/01 $#Sigmund  $#Siegmund  $#Sigismundus  $#Sigismundus  $#Sigismundus  $#Sigismundus Imperator Romae $#Sigmund  $#Sigismund  $#Sigismund  $#Sigismund  $#Sigismond  $#Zygmunt Luksemburski $#Zikmund Lucemburský $#Zsigmond  $#Siegmund  $#Žigmund Luxemburský $#Sigismundus  $#Luxemburg, Sigismund von $#Luxemburg, Siegmund von $#Luxemburg, Zikmund von $#Luxemburg, Zsigmond von $#Luksemburški, Žigmund $#Sigismund  $#Sigmund  $#Sigmund  $#Sigismund  $#Siegmund  $#Sigismund  $#Sigismundus  $7118614185 $8--Tp1--$PSigismund$lHeiliges Römisches Reich, Kaiser$Z1368-1437 $x02 $9086955136 
244Z/01 $2Trx $#dzieło zbiorowe $8--Trx--Sammelwerk $x03 $9391384597 
245Z/01 $a01.03 $x01 
247C/01 $82080>Marburg/Lahn, Herder-Institut, Forschungsbibliothek, Bibliographieportal $9336309341 

lok: 10072916 204

exp: 10072916 204 1 #EPN
201B/01 $014-01-25 $t16:26:58.000 
201C/01 $007-11-01 
201U/01 $0utf8 
203@/01 $0164843590 
208@/01 $a05-02-02 $bz084 
209A/01 $aYa 1400/39 $ds $f084 $h084 YA 1400 39 $x00 
209C/01 $a084 Az 02/123 $h084 AZ 02 123 
209G/01 $a89350263 $x00 
247C/01 $8631084-9 <26/084>Gießen, Universität Gießen, Fachbibliothek Geschichts- und Kulturwissenschaften / Bibliothek im Historischen Institut $9102596948 

lok: 10072916 205

exp: 10072916 205 1 #EPN
201B/01 $012-07-18 $t16:49:23.000 
201C/01 $017-10-01 
201U/01 $0utf8 
203@/01 $0164093249 
208@/01 $a26-10-01 $bz 
209A/01 $a001 NM 7430 S354 $db $f000 $x00 
209A/01 $aH 2001/0412 $x08 
209G/01 $a29121427 $x00 
247C/01 $8351000-1 <4>Marburg, Universität Marburg, Universitätsbibliothek $9102594767
LEADER 00000cam a2200000 c 4500
001 100729169
003 DE-603
005 20250114162658.0
007 tu
008 011017s2000 xx |||| | u00||u|ger c
020 |a 9634724515 
035 |a (DE-599)HEB100729169 
035 |a (OCoLC)492689658 
040 |a DE-603  |b ger  |c DE-603  |d DE-603 
041 |a ger 
084 |a NM 7430  |0 (DE-625)126423:  |0 (DE-603)410893927  |2 rvk 
245 0 0 |a ˜Dasœ Zeitalter König Sigmunds in Ungarn und im Deutschen Reich  |c hrsg. von Tilman Schmidt ... 
264 1 |a Debrecen  |b Debrecen Univ. Press  |c 2000 
300 |a 218 S. 
490 0 |a Történelmi figyelő könyvek  |v 8 
700 1 |a Schmidt, Tilman  |e Hrsg.  |4 edt  |0 (DE-603)148888119 
787 0 8 |i Rezensiert in  |a Fahlbusch, F. B.  |t ˜Dasœ Zeitalter König Sigmunds in Ungarn und im Deutschen Reich. - Debrecen  |w (DE-603)394777077 
787 0 8 |i Rezensiert in  |a Kitzinger, Martin  |t ˜Dasœ Zeitalter König Sigmunds in Ungarn und im Deutschen Reich. - Debrecen : Debrecen Univ. Press. - 2000 [Rezension]  |w (DE-603)394879694 
856 4 2 |m V:DE-604  |q application/pdf  |u http://scans.hebis.de/HEBCGI/show.pl?10072916_toc.pdf  |3 Inhaltsverzeichnis 
924 0 |9 30/330  |a (DE-603)190121068  |b DE-30-330  |c HES  |d d  |g 02/NM 7430 S354 
924 0 |9 2080  |a (DE-603)791725049  |b DE-2080  |c HES  |d d  |g / 
924 0 |9 26/084  |a (DE-603)164843590  |b DE-26-084  |c HES  |d d  |g Ya 1400/39 
924 0 |9 4  |a (DE-603)164093249  |b DE-4  |c HES  |d c  |g 001 NM 7430 S354